000 01138cab a2200325 4500
001 ABS46911
008 090401t1992 xxu||||| |||| 00| 0 eng d
035 _a(Sirsi) u60110
041 _aeng
245 _aTowards sustainability - a European Community programme of policy and action in relation to the environment and sustainable development
260 _c1992
350 _a0
490 _aCommission of the European Communities Background Report
_vISEC/B18/92 21 July 1992 (8)
520 _aOutlines the coverage of "Towards sustainability", the fifth environmental action programme adopted by the European Commission. Industry, energy, transport, tourism and agriculture are targets for change.
650 _aCLIMATE
650 _aENERGY
_96237
650 _aENVIRONMENTAL ACTION PROGRAMMES
650 _aEUROPE
650 _aEUROPEAN COMMISSION
650 _aGREEN ISSUES
650 _aINDUSTRY
650 _aPOLLUTION
650 _aSustainability
_96271
650 _aTOURISM
650 _aTRANSPORT
690 _aEnvironment
_96238
690 _aEUROPE-SINGLE MARKET
942 _n0
948 _c04/03/1997
999 _c37025
_d37025